00916nam a22002057a 450000500170000000800410001704000270005804100080008504400070009311000320010024502390013226000480037130000630041965000190048265000340050165000210053565000400055671000450059671000690064120200130074222.0200130b xxu||||| |||| 00| 0 spa d aCO-BoIAVH cCO-BoIAVH  aspa ack aFondo de Patrimonio Natural aMosaicos Sirap macizobProyecto GEF Fondo de Áreas protegidas - Mosaico Sirap MacizocFondo de Patrimonio Natural, Parques Nacionales Naturales de Colombia (PNN) y las Corporaciones Autónomas Regionales (CAR) del Macizo Colombiano aBogotá:bFondo Patrimonio Natural,cs.f.. a18 páginas,bFotografías y mapa a colorc209 x 20.9 cm 0aSostenibilidad 0aBiodiversidadxConservación 0aPlan de acción 0aÁreas protegidas xConservación aParques Nacionales Naturales de Colombia aCorporaciones Autónomas Regionales (CAR) del Macizo Colombiano